Southville International School and Colleges
Your cart is empty.
  • Cart
  • Lists
    Public lists Eva Luna New books Lux_list list_1
    Your lists Log in to create your own lists
  • Log in to your account
  • Your cookies
  • Search history
Southville International School and Colleges
  • Advanced search
  • Recent comments
  • Most popular
  • Libraries

Log in to your account

Log in with GOOGLE


If you do not have an external account, but do have a local account, you can still log in:

  1. Home
  2. MARC view: Win over depression :
Normal view MARC view ISBD view

Win over depression : (Record no. 3295)

[ view plain ]
MARC details
000 -LEADER
fixed length control field 00566nam a22001937a 4500
003 - CONTROL NUMBER IDENTIFIER
control field OSt
005 - DATE AND TIME OF LATEST TRANSACTION
control field 20140310181752.0
008 - FIXED-LENGTH DATA ELEMENTS--GENERAL INFORMATION
fixed length control field 130628t xxu||||| |||| 00| 0 eng d
020 ## - INTERNATIONAL STANDARD BOOK NUMBER
International Standard Book Number 9719208422
050 ## - LIBRARY OF CONGRESS CALL NUMBER
Classification number RC 537
Item number .Se454 1998
082 ## - DEWEY DECIMAL CLASSIFICATION NUMBER
Classification number FIL 616.852721
Item number Se3 1998
100 ## - MAIN ENTRY--PERSONAL NAME
Personal name Segovia, Emerita
245 ## - TITLE STATEMENT
Title Win over depression :
Remainder of title bounce back into positive action /
Statement of responsibility, etc Emerita Segovia.
260 ## - PUBLICATION, DISTRIBUTION, ETC. (IMPRINT)
Place of publication, distribution, etc Quezon City, Philippines:
Name of publisher, distributor, etc Mushroom Publication
Date of publication, distribution, etc 1998.
300 ## - PHYSICAL DESCRIPTION
Extent 62 p. :
Other physical details ill. ;
Dimensions 22 cm.
650 ## - SUBJECT ADDED ENTRY--TOPICAL TERM
Topical term or geographic name as entry element Depression
942 ## - ADDED ENTRY ELEMENTS (KOHA)
Source of classification or shelving scheme Library of Congress Classification
Koha item type Books
Holdings
Withdrawn status Lost status Source of classification or shelving scheme Damaged status Home library Current library Shelving location Date acquired Total Checkouts Full call number Barcode Date last seen Price effective from Koha item type Copy number
    Library of Congress Classification   Luxembourg Library Luxembourg Library Filipiniana Section 06/28/2013   RC 537 .Se454 1998 11420 08/13/2013 06/28/2013 Books  
    Library of Congress Classification   Luxembourg Library Luxembourg Library Filipiniana Section 06/28/2013   RC 537 .Se454 1998 11419 08/13/2013 06/28/2013 Books 2

Win over depression :

APA

Segovia E., . (1998). Win over depression. Quezon City, Philippines: Mushroom Publication.

Chicago

Segovia Emerita, . 1998. Win over depression. Quezon City, Philippines: Mushroom Publication.

Harvard

Segovia E., . (1998). Win over depression. Quezon City, Philippines: Mushroom Publication.

MLA

Segovia Emerita, . Win over depression. Quezon City, Philippines: Mushroom Publication. 1998.

  • Place hold
  • Print
  • Cite
  • Add to your cart (remove)
  • Save record
    BIBTEX Dublin Core MARCXML MARC (non-Unicode/MARC-8) MARC (Unicode/UTF-8) MARC (Unicode/UTF-8, Standard) MODS (XML) RIS
  • More searches
    Search for this title in:
    Other Libraries (WorldCat) Other Databases (Google Scholar) Online Stores (Bookfinder.com) Open Library (openlibrary.org)

Exporting to Dublin Core...

SOUTHVILLE LIBRARY

Southville International School and Colleges Library

1281 Tropical Ave. Cor. Luxembourg St., BF Homes International, Las Pinas City

Tel. No. 8256374 / 252358 Loc. 117/146

Powered by Koha